| 000 | 01183cam a22002054a 4500 | ||
|---|---|---|---|
| 005 | 20250605164125.0 | ||
| 008 | 250528s ||||||||||||||||||||||||d | ||
| 035 | _a18421 | ||
| 020 | _a9607643763 | ||
| 040 |
_aGR-AtMCL _bgre _dGR-AtMCL _eAACR2 |
||
| 245 | 1 | _aΔιεθνής Ανταγωνιστικότητα και Βιομηχανική Στρατηγική | |
| 260 |
_bΤυπωθήτω - Γιώργος Δαρδανός, _c2002 |
||
| 300 | _a392 | ||
| 520 | _aΕισαγωγή, Διεθνής Ανταγωνιστικότητα και Βιομηχανία και Βιομηχανική Στρατηγική: Θεωρία και Εμπειρία, Βιομηχανική Στρατηγική και Διεθνής Ανταγωνιστικότητα: Οριζόντιες Δράσεις και Δίκτυα και (Ενδό)Κλαδική Ανα(Διάρθρωση), Ειδικά Θέματα Βιομηχανικής Πολιτικής, Ζήτηση και Προσφορά, Βιογραφικά Συγγραφέων. | ||
| 700 | 1 |
_aΑντωνάκης Νίκος _94692 |
|
| 700 | 1 |
_aΠιτέλης Χρήστος _94693 |
|
| 942 | _cBK | ||
| 999 |
_c3782 _d3782 |
||